Prípravy na členstvo v EÚ - ukončený proces?

Enregistré dans:
Détails bibliographiques
Auteur principal: Báráňová-Čiderová, Denisa, 1977-
Autres auteurs: Mogyorosiová, Zuzana, 1975-
Format: Chapitre de livre
Langue:slovaque
Tags: Ajouter un tag
Pas de tags, Soyez le premier à ajouter un tag!

MARC

LEADER 00000naa$a2200000$$$4500
001 0065406
005 20240502083157.5
041 0 |a slo 
044 |a CZ 
245 1 0 |a Prípravy na členstvo v EÚ - ukončený proces?  |c Denisa Báráňová-Čiderová, Zuzana Mogyorosiová 
100 1 |a Báráňová-Čiderová, Denisa, 1977- 
700 1 |a Mogyorosiová, Zuzana, 1975-